Literaturas indígenas de América: introducción a su estudio
Gardado en:
| Autor Principal: | |
|---|---|
| Formato: | Libro |
| Idioma: | Spanish |
| Publicado: |
Barcelona, España
Azul
1999
|
| Materias: | |
| Etiquetas: |
Engadir etiqueta
Sen Etiquetas, Sexa o primeiro en etiquetar este rexistro!
|
MARC
| LEADER | 00000nam a22000007a 4500 | ||
|---|---|---|---|
| 008 | 180927b xxu||||| |||| 00| 0 spa d | ||
| 999 | |c 30604 |d 30604 | ||
| 020 | |a 84-930440-3-2 | ||
| 040 | |a cru BVZT | ||
| 090 | |a 899 V-1L | ||
| 100 | |a Vásquez, Juan Adolfo | ||
| 245 | |a Literaturas indígenas de América: introducción a su estudio |c Juan Adolfo Vásquez | ||
| 260 | |a Barcelona, España |b Azul |c 1999 | ||
| 300 | |a 260 páginas | ||
| 630 | |l Español | ||
| 650 | 0 | |9 171 |a LITERATURA INDÍGENA | |
| 650 | 0 | |9 63 |a LITERATURA | |
| 651 | 0 | |9 172 |z AMÉRICA | |
| 942 | |c LIB |h 899 V-1L |2 z | ||



